000 00630nam a2200277Ia 4500
005 20260324140828.0
008 008 260324s9999 xx 000 0 eng d
020 _a9780203211991
037 _aEBOOK
040 _aCRL
040 _beng
040 _cCRL
041 _2eng
041 _aeng
084 _qCRL
100 _aM. Downward
_91205888
245 0 _aLogic And Declarative Language
260 _bTaylor and Francis
260 _c1998
365 _a
365 _b230
856 _uhttp://www.taylorfrancis.com/books/9780203211991
942 _cEBOOK
999 _c1808353
_d1808353